NFL Draft 1995 Quarterbacks Drafted - Statistics

General Stats
  • This quiz has been taken 8 times
  • The average score is 4 of 14
Answer Stats
Round Player Team College % Correct
1 Steve McNair Oilers Alcorn State
100%
1 Kerry Collins Panthers Penn State
75%
2 Kordell Stewart Steelers Colorado
75%
2 Todd Collins Bills Michigan
75%
4 Rob Johnson Jaguars USC
25%
4 Chad May Vikings Kansas State
0%
6 Craig Whelihan Chargers Pacific
0%
4 Dave Barr Eagles California
0%
3 Eric Zeier Browns Georgia
0%
5 Jay Barker Packers Alabama
0%
6 Jerry Colquitt Panthers Tennessee
0%
7 John Walsh Bengals Brigham Young
0%
4 Steve Stenstrom Chiefs Stanford
0%
3 Stoney Case Cardinals New Mexico
0%
No matching quizzes found
Score Distribution
Percent of People with Each Score
Percentile by Number Answered
Your Score History
You have not taken this quiz